Integrating seaports and trade corridors

Bibliographic Details
Corporate Author: ProQuest (Firm)
Other Authors: Hall, P. V. 1968-
Format: Electronic eBook
Language:English
Published: Burlington, VT : Ashgate Pub. Company, 2010.
Subjects:
Online Access:Click to View
LEADER 01517nam a2200421Ia 4500
001 EBC623975
003 MiAaPQ
005 20200520144314.0
006 m o d |
007 cr cn|||||||||
008 100716s2010 vtua sb 001 0 eng d
010 |z  2010028233 
020 |z 9781409404002 (hardback : alk. paper) 
020 |a 9781409404019 (electronic bk.) 
035 |a (MiAaPQ)EBC623975 
035 |a (Au-PeEL)EBL623975 
035 |a (CaPaEBR)ebr10433672 
035 |a (CaONFJC)MIL924808 
035 |a (OCoLC)699474779 
040 |a MiAaPQ  |c MiAaPQ  |d MiAaPQ 
050 4 |a HE551  |b .I48 2010 
082 0 4 |a 387.5/44  |2 22 
245 0 0 |a Integrating seaports and trade corridors  |h [electronic resource] /  |c edited by Peter Hall ... [et al.]. 
260 |a Burlington, VT :  |b Ashgate Pub. Company,  |c 2010. 
300 |a xviii, 292 p. :  |b ill. 
504 |a Includes bibliographical references and index. 
533 |a Electronic reproduction. Ann Arbor, MI : ProQuest, 2015. Available via World Wide Web. Access may be limited to ProQuest affiliated libraries. 
650 0 |a Harbors. 
650 0 |a Shipping. 
650 0 |a Trade routes. 
650 0 |a Infrastructure (Economics) 
650 0 |a Business logistics. 
650 0 |a Transportation  |x Planning. 
650 0 |a Transportation geography. 
655 4 |a Electronic books. 
700 1 |a Hall, P. V.  |q (Peter V.),  |d 1968- 
710 2 |a ProQuest (Firm) 
856 4 0 |u https://ebookcentral.proquest.com/lib/matrademy/detail.action?docID=623975  |z Click to View